000 00499nam a2200181Ia 4500
001 3721
005 20260306145704.0
008 260306t2011||||xx |||||||||||||| ||spa||
041 _aESP
082 _a302.14
_bR93
100 _aRuiz Guzmán, Alfredo
_eAUT
245 0 _aDe la representación democrática a la participación ciudadana:
_buna Asamblea Nacional Participativa
260 _c2011
300 _a255 páginas :
_c00 cm.
650 _aGEN
654 _aCHU
942 _cLIB
_dJUS
_fJUS
_2ddc
_n
999 _c3721
_d3721